000 00770nam a2200193 a 4500
008 060621s2005 ||||||||||||||||| || u
050 _aIBRD(08)
100 _aMilanovic, Branko
245 1 0 _aHalf a world: regional inequalities in five great federations
260 _aWashington D. C.
_bWorld Bank
_c2005
300 _a51p.: ill.
350 _a0.00
490 _aWorld Bank policy research working papers
650 0 _aECONOMICS
650 _aECONOMIC ASPECTS--CHINA, INDIA, UNITED STATES, INDONASIA, BRAZIL
650 _aGLOBAL INEQUALITIES--RESEARCH PAPER
710 _aWorld Bank
995 _D0.00
_FCBU-MAIN LIBRARY (Kitwe)
_H1
_I0.00
_M1
_UAVAILABLE
_WJun 21, 2006
_ZInternational Publications
999 _c45216
_d45216